000 00396nam a2200181Ia 4500
001 796
005 20260306140544.0
008 260306t2000||||xx |||||||||||||| ||spa||
041 _aESP
082 _a170
_bB73
100 _aBonhoeffer, Dietrich
_eAUT
245 0 _aÉtica
260 _c2000
300 _a315 páginas :
_c23 cm.
650 _aGEN
654 _aCHU
942 _cLIB
_dJUS
_fJUS
_2ddc
_n
999 _c796
_d796